Statistics for FIFA 18 Top 10 Left Back

Click here to take the quiz!

General Stats

  • This quiz has been taken 186 times
  • The average score is 6 of 10

Answer Stats

RankPlayerOVA% Correct
1Marcelo87
98%
4Jordi Alba85
94%
2David Alaba86
81%
3Alex Sandro86
74%
5Filipe Luis85
61%
10Marco Alonso81
59%
7Danny Rose82
55%
8Leighton Baines82
33%
9Ricardo Rodriguez81
23%
6Marcos Rojo82
10%

Score Distribution

Percentile by Number Answered

Percent of People with Each Score

Your Score History

You have not taken this quiz